| 000 | 00991nac a22002531u 4500 | ||
|---|---|---|---|
| 008 | 120221s2011 nju|||||r|||| 001 0 eng d | ||
| 020 | _a0132076527 | ||
| 020 | _a0131424718 | ||
| 035 | _a9780132076524 | ||
| 082 | 0 | 0 |
_a625.7 _bROS _222 |
| 100 |
_aRoess, Roger P. _929072 |
||
| 245 | 1 | 0 |
_aTraffic Engineering / _cRoger P. Roess, Elena S. Prassas, William R. McShane. |
| 250 | _a3rd ed. | ||
| 260 |
_aUpper Saddle River, N.J. : _bPearson/Prentice Hall, _cc2004. |
||
| 300 |
_a744 p. : _bill. ; _c26 cm. |
||
| 500 | _aMcShane's name appears first in earlier ed. | ||
| 504 | _aIncludes bibliographical references and index. | ||
| 650 | 0 |
_aTraffic engineering _zUnited States. _929073 |
|
| 653 |
_bGen _cFebruary2012 |
||
| 700 | 1 |
_aPrassas, Elena S. _929074 |
|
| 700 | 1 |
_aMcShane, William R. _929075 |
|
| 942 |
_cBB _k625.7 _2ddc |
||
| 999 |
_c16506 _d16506 |
||